000 00701nam a2200217Ia 4500
008 130821s2003 ck gr spa
020 _a9586557111
040 _aCo-BoUCM
_bspa
041 0 0 _aspa
100 1 _aGossain, Juan
_d1949-
_9161714
245 1 0 _aCrónica del día
_cJuan Gossaín
260 _aMedellín (Antioquia, Colombia)
_bEditorial Universidad de Antioquia
_c2003
300 _a428 páginas
490 _aPeriodismo.
650 0 4 _aCrónicas colombianas
_912224
650 0 4 _aCrónicas periodísticas
_912225
650 0 4 _aPeriodismo
_921340
650 0 4 _aPeriodismo
_zColombia
_97909
942 _cLIBRO
_a24
_e1
_mG677c
_2DEWEY
_h070.44861
999 _c45013
_d45013